000 00370nam a2200145Ia 4500
008 230917s9999||||xx |||||||||||||| ||und||
040 _e30744
_aMAIN
041 _aEnglish
082 _a954.025 G959M
100 _aGupta, Manik Lal
245 0 _aMadhyakaleen Bharat ka itihas
260 _aNew Delhi
_bAtlantic Publishers
_c1998
300 _axv, 176 p.
942 _cBK
999 _c100938
_d100938